| 000 | 00411nam a2200145 i 4500 | ||
|---|---|---|---|
| 001 | 36576 | ||
| 003 | ES-MaACL | ||
| 007 | t| | ||
| 008 | 030218s1931 xxk ||||1| eng d | ||
| 100 | 1 |
_aBrown, James Duff. _932000 |
|
| 245 | 1 | 2 |
_aA manuel of practical bibliography / _cby James Duff Brown. |
| 260 |
_aLondon : _bGeorge Routledge et Sons, _c[1931?] |
||
| 300 |
_a145 p. ; _c17 cm. |
||
| 852 |
_aES-MaACL _jG-15673 |
||
| 999 |
_c36576 _d36576 |
||